000 00272nam a22001217a 4500
008 180903b xxu||||| |||| 00| 0 eng d
041 _aeng
080 _a72
100 _a41
101 _aARK
245 _aModern Architecture In Brazil
_cGiedion.P.S
942 _2udc
_cBK
999 _c47459
_d47459